[Event "GER-chT U10"]
[Site "Magdeburg"]
[Date "2014.12.29"]
[Round "6.2"]
[White "Kahlsdorf, Hendrik"]
[Black "Henzgen, Nick"]
[Result "0-1"]
[WhiteElo "1051"]
[BlackElo "1161"]
[PlyCount "81"]
[EventDate "2014.12.27"]
[EventType "team-swiss"]
[EventRounds "7"]
[EventCountry "GER"]
[SourceTitle "EXT 2016"]
[Source "ChessBase"]
[SourceDate "2015.10.08"]
[SourceVersion "1"]
[SourceVersionDate "2015.10.08"]
[SourceQuality "1"]
[WhiteTeam "Braunschweig"]
[BlackTeam "Apolda"]
[WhiteTeamCountry "GER"]
[BlackTeamCountry "GER"]

1. e4 e5 2. Nf3 Nc6 3. d4 d6 4. d5 Nce7 5. Nc3 Nf6 6. Bg5 Ng6 7. Be2 Be7 8. 0-0 0-0 9. Qd2 Re8 10. Rfe1 Bd7 11. Rad1 c6 12. Nh4 Nxh4 13. Bxh4 cxd5 14. exd5 Bf5 15. Bxf6 Bxf6 16. Bb5 Rf8 17. Qe3 Bg5 18. Qf3 Bxc2 19. Ra1 Bg6 20. b3 a6 21. Bd3 f5 22. Qe2 Qe8 23. f3 Bh5 24. Qc2 Bg6 25. Re2 Rc8 26. Qb2 Bf6 27. Rc1 Bh5 28. Ra1 Qd8 29. Nd1 Qb6+ 30. Kh1 Qc5 31. Rc2 Qxd5 32. Bc4 Rxc4 33. Rxc4 Qa5 34. Nc3 Bf7 35. Ra4 Qd8 36. Rd1 Be6 37. Qe2 f4 38. g3 Z0 39. Nd5 Bxd5 40. Rxd5 Qb6 41. Rd1 0-1

[Event "GER-chT U10"]
[Site "Magdeburg"]
[Date "2014.12.28"]
[Round "3.2"]
[White "Seibt, Bruno"]
[Black "Kahlsdorf, Hendrik"]
[Result "0-1"]
[WhiteElo "862"]
[BlackElo "1051"]
[PlyCount "130"]
[EventDate "2014.12.27"]
[EventType "team-swiss"]
[EventRounds "7"]
[EventCountry "GER"]
[SourceTitle "EXT 2016"]
[Source "ChessBase"]
[SourceDate "2015.10.08"]
[SourceVersion "1"]
[SourceVersionDate "2015.10.08"]
[SourceQuality "1"]
[WhiteTeam "Oberland"]
[BlackTeam "Braunschweig"]
[WhiteTeamCountry "GER"]
[BlackTeamCountry "GER"]

1. e4 d5 2. exd5 Qxd5 3. Nc3 Qa5 4. Nf3 Nf6 5. d4 Bf5 6. Bc4 e6 7. Be3 Be7 8. Qd2 Nbd7 9. 0-0-0 0-0-0 10. d5 e5 11. Ng5 Bg6 12. Rhe1 h6 13. Nf3 Bd6 14. Nh4 Bh5 15. f3 g5 16. Nf5 Bg6 17. Ng3 Nc5 18. Bxc5 Bxc5 19. Rxe5 Bd6 20. Re3 Bf4 21. Qd4 Bxe3+ 22. Qxe3 Nd7 23. d6 c6 24. f4 gxf4 25. Qxf4 Qg5 26. Qxg5 hxg5 27. Rf1 Ne5 28. Bb3 Rxd6 29. Nge4 Bxe4 30. Nxe4 Rdd8 31. Nxg5 Rhf8 32. Nxf7 Nxf7 33. Bxf7 Rd7 34. g4 Rdxf7 35. Rd1 Rf1 36. h4 Rxd1+ 37. Kxd1 Kd7 38. g5 Rh8 39. g6 Rxh4 40. g7 Rg4 41. Kd2 Rxg7 42. c4 Kd6 43. Kc3 a5 44. b4 Rg3+ 45. Kd4 axb4 46. c5+ Kc7 47. Kc4 Rg4+ 48. Kb3 b5 49. a3 bxa3 50. Kxa3 Rc4 51. Kb3 Rxc5 52. Kb4 Kb6 53. Ka3 Rc4 54. Kb3 Ka5 55. Ka3 b4+ 56. Kb3 Rc3+ 57. Ka2 Ka4 58. Kb2 Rb3+ 59. Ka2 Rg3 60. Kb2 b3 61. Ka1 Rg2 62. Kb1 Ka3 63. Kc1 b2+ 64. Kb1 Rg1+ 65. Kc2 b1Q+ 0-1

[Event "Sachsen-ch U08 op"]
[Site "Sebnitz"]
[Date "2013.10.30"]
[Round "5"]
[White "Nowak, Filip"]
[Black "Kahlsdorf, Hendrik"]
[Result "1-0"]
[WhiteElo "1120"]
[BlackElo "898"]
[PlyCount "73"]
[EventDate "2013.10.28"]
[EventType "swiss"]
[EventRounds "9"]
[EventCountry "GER"]
[SourceTitle "EXT 2018"]
[Source "ChessBase"]
[SourceDate "2017.10.13"]
[SourceVersion "1"]
[SourceVersionDate "2017.10.13"]
[SourceQuality "1"]

1. d4 d5 2. Nf3 Nc6 3. c4 dxc4 4. Nc3 Nf6 5. e4 Bg4 6. d5 Ne5 7. Be2 Qd7 8. Nxe5 Bxe2 9. Qxe2 Qd6 10. Nxc4 Qc5 11. 0-0 0-0-0 12. Bg5 Kb8 13. Bxf6 gxf6 14. b3 e5 15. Qe3 Qxe3 16. Nxe3 Rg8 17. f4 exf4 18. Rxf4 h6 19. Rf3 Rg7 20. Nf5 Rg8 21. Nxh6 Rh8 22. Rd1 Rg8 23. Rdd3 Rg7 24. Rg3 Rxg3 25. Rxg3 c5 26. Kf2 Kc7 27. Kf3 a6 28. Kf4 b5 29. b4 Kd6 30. bxc5+ Kxc5 31. Kf3 b4 32. Nb5 Kb6 33. Nc3 Kb7 34. Kf4 Kc7 35. Kf5 a5 36. d6+ Kc6 37. d7 1-0